000 00593cam a2200205 4500500
005 20260405002539.0
041 _afre
042 _adc
100 1 0 _aGuillot, Apolline
_eauthor
245 0 0 _aRepérages / novembre 2017
260 _c2017.
500 _a86
690 _aenvie
690 _aJohn Locke
690 _aPascal Bruckner
690 _aPopulation
690 _aWittgenstein
786 0 _nPhilosophie magazine | 114 | 11 | 2017-11-01 | p. 5-5 | 1951-1787
856 4 1 _uhttps://shs.cairn.info/magazine-philosophie-magazine-2017-11-page-5?lang=fr&redirect-ssocas=7080
999 _c2058745
_d2058745